| 000 | 01041nam a22003377a 4500 | ||
|---|---|---|---|
| 001 | 0074 | ||
| 003 | DO-SdBNP | ||
| 005 | 20161028092901.0 | ||
| 007 | 0074 | ||
| 008 | 151104b 1984 sp |||| 00| 0 spa d | ||
| 020 | _a8475251552 | ||
| 040 |
_aBPMSU _bspa _cBPMSU |
||
| 082 |
_a863.5 _bP438m |
||
| 092 |
_a _b |
||
| 100 | 1 | 0 |
_aPérez Galdós, Benito, _d1843-1920 |
| 245 | 1 | 0 |
_aMisericordia / _cBenito Pérez Galdós ; ilustración Leonardo Alenza |
| 260 |
_aMadrid : _bEdiciones Generales Anaya, _c1984 |
||
| 300 |
_a317 p. : _bil. ; _c20 cm. |
||
| 490 | 1 | 0 |
_aTus libros ; _vTu problemática |
| 490 | 1 | 0 | _v38 |
| 504 | _aIncluye referencias bibliográficas y notas al pie de las páginas | ||
| 504 | _aBibliografías : p. 316-317 | ||
| 650 | _aNOVELA JUVENIL ESPAÑOLA | ||
| 650 | _aLITERATURA ESPAÑO ESPAÑOLA | ||
| 700 | 1 | 0 |
_aAlenza, Leonardo, _eilustración |
| 830 | 0 | 0 |
_aTus libros ; _pTu problemática _v38 |
| 830 | 0 | 0 | _n |
| 942 |
_2ddc _cBK |
||
| 956 | _aBrenda Tavárez | ||
| 956 |
_aVMATEO _b10 _c20161027 _dBPMSU _f00069 |
||
| 999 |
_c8550 _d8550 |
||